000 00498pab a2200157 454500
008 180718b1995 xxu||||| |||| 00| 0 eng d
100 _aLooney, Robert E
245 _aPrivatization of public sector enterprises in Pakistan
_bprospects for reducing regional imblances.
260 _c1995
300 _ap.143-51
362 _aJul
650 _aPublic sector enterprises - Pakistan
700 _aFrderiksen, Peter C.
773 _aReview of Urban and Regional Development Studies
909 _a30107
999 _c30107
_d30107